Missing Word in Movies: Biography Quiz Stats

 Plays Quiz not verified by Sporcle

Support Sporcle.
Go Orange.
Score 0/25 Timer 02:30
0 Plays Today
% Correct
Years
95%
King
94.1%
Speech
93.7%
Moon
93.4%
Everything
93.1%
World
93.1%
Network
92.7%
Born
92.4%
Club
92.4%
Line
92.4%
Mind
91.6%
Iron
89.2%
People
89%
% Correct
Emperor
88.5%
Man
88.4%
Imitation
87.8%
Confessions
86.6%
Father
85.2%
Diaries
81.5%
True
81.5%
Name
81.2%
Young
77%
Woman
70.2%
Life
69.2%
Story
56.9%

You're not logged in!

Compare scores with friends on all Sporcle quizzes.
OR
Log In

From the Vault

'B' Celebrity Images

by sproutcm

These celebrities are on the 'B'-list.
Remove Ads.
Support Sporcle.
Get the best of Sporcle when you Go Orange. This ad-free experience offers more features, more stats, and more fun while also helping to support Sporcle. Thank you for becoming a member.

Show Comments

Extras

Top Quizzes Today


Score Distribution

Your Account Isn't Verified!

In order to create a playlist on Sporcle, you need to verify the email address you used during registration. Go to your Sporcle Settings to finish the process.

Report this User

Report this user for behavior that violates our Community Guidelines.

Details: